000
00366nam a2200169Ia 4500
003
IT-RoPAU
008
120407s9999 xx 000 0 und d
040
_a
IT-RoPAU
040
_c
IT-RoPAU
100
_a
Henri Rondet
245
_a
Essais sur ka théologie de la grace
250
_a
Paris
260
_a
Beauchesne
300
_c
cm
490
_v
1
942
_c
BK
999
_c
1178
_d
1178